| 000 | 02694cam a2200337 i 4500 | ||
|---|---|---|---|
| 001 | 22731258 | ||
| 003 | EG-ScBUE | ||
| 005 | 20250216094529.0 | ||
| 008 | 220801s2023 nyua f b 001 0 eng d | ||
| 020 | _a9781032010762 | ||
| 040 |
_aDLC _beng _erda _cDLC _dDLC _dEG-ScBUE |
||
| 082 | 0 | 4 |
_a725.51 _222 _bDIN |
| 100 | 1 |
_aDing, Suining, _eauthor. |
|
| 245 | 1 | 0 |
_aEnvironment-behavior studies for healthcare design / _cSuining Ding. |
| 264 | 1 |
_aNew York : _bRoutledge, Taylor & Francis Group, _c2023. |
|
| 300 |
_axxix, 359 pages : _billustrations ; _c26 cm |
||
| 336 |
_atext _btxt _2rdacontent |
||
| 337 |
_aunmediated _bn _2rdamedia |
||
| 338 |
_avolume _bnc _2rdacarrier |
||
| 504 | _aIncludes bibliographical references and index. | ||
| 520 |
_a"Environment-Behavior Studies for Healthcare Design explains how environment-behavior (EB) studies can contribute to healthcare design research and explores how evidence-based theories can be applied and integrated into the healthcare design practice. Drawing on EB theories and the latest research in environment-behavior studies, this book shows how the healthcare environment can positively impact patients' and caregivers' well-being and healthcare organization's efficiency by modifying environmental attributes, such as space configuration, color, and lighting, signage, acoustics, and artwork. It addresses a range of healthcare facilities including children's hospitals, long-term care, acute care and outpatient care facilities, and uses a range of evidence-based design research methods, such as interviews, focus groups, observations, surveys and space syntax. The author also explains how research evidence and evidence-based design can be integrated into healthcare design more cohesively in a redefined design process. This book provides a solid conceptual structure that informs a clear map for understanding the EB theories and their applications in healthcare design. This research guide for healthcare design helps students, academics, designers and architects reconsider how to create environments that support patients' healing and well-being whilst considering efficiency and safety"-- _cProvided by publisher. |
||
| 650 | 7 |
_aHealth facilities _xDesign and construction. _2BUEsh |
|
| 650 | 7 |
_aHospital buildings _xDesign and construction. _2BUEsh |
|
| 650 | 7 |
_aHospital architecture _xDesign and plans. _2BUEsh |
|
| 650 | 7 |
_aEnvironmental psychology. _2BUEsh |
|
| 655 | _vReading book | ||
| 906 |
_a7 _bcbc _corignew _d1 _eecip _f20 _gy-gencatlg |
||
| 942 |
_2ddc _cBB |
||
| 999 |
_c30885 _d30856 |
||